[Event "2nd IMSA Basque 2017-Men"]
[Site "Huaian"]
[Date "2017.12.15"]
[Round "4"]
[White "Artemiev, Vladislav"]
[Black "Le, Quang Liem"]
[Result "1-0"]
[WhiteElo "2691"]
[BlackElo "2737"]
[Annotator "TA"]
[PlyCount "147"]
[EventDate "2017.??.??"]
[EventType "tourn"]
[EventCountry "CHN"]
[SourceTitle "playchess.com"]
[Source "ChessBase"]
[SourceQuality "1"]

{[%evp 9,147,-1,-6,-13,-7,-6,-11,0,0,-16,-14,-36,18,-4,0,-16,-10,-15,15,14,16,22,26,23,112,-19,0,-1,25,12,9,0,0,0,0,-8,0,0,55,54,49,4,0,0,0,0,0,5,110,78,84,93,116,62,97,-28,0,0,0,0,19,13,4,0,0,-25,-27,-23,-21,-24,-32,-29,0,0,0,0,0,0,0,0,0,0,155,167,151,160,161,131,144,41,41,53,50,24,247,255,379,368,352,362,424,435,425,199,389,400,359,282,565,531,466,237,453,451,412,411,373,365,29966,29967,29985,29986,29986,29979,29979,29980,29980,29981,29981,29982,29982,29983,29982,29983,29985,29986,29986,29987,29997,29998]} 1. c4 e5 2. Nc3 Nf6 3. e3 Nc6 4. a3 g6 5. Nf3 Bg7 6. d3 {A28: English Opening: Four Knights Variation} (6. Be2 O-O 7. O-O d5 8. cxd5 Nxd5 9. Qc2 a5 10. d3 Be6 11. Rb1 h6 12. Bd2 Qe7 13. Rfc1 {0-1 (41) Schlosser,P (2503)-Kasimdzhanov,R (2676) Germany 2017}) 6... O-O 7. Be2 d5 8. cxd5 {The position is equal.} Nxd5 9. Bd2 a5 10. Rc1 Nde7 $146 (10... Nxc3 $15 11. Bxc3 a4) ({Predecessor:} 10... Be6 11. O-O h6 12. Qc2 Qe7 13. Rfe1 Nxc3 14. Bxc3 {1-0 (42) Rodriguez Aguilera,R-Gomez Esteban,J (2475) Zamora 1996}) 11. Ne4 h6 12. b4 axb4 13. axb4 b6 14. O-O Be6 15. b5 Na5 16. Bc3 Nb3 (16... Qd5 $11 {remains equal.}) 17. Bxe5 ({White must play} 17. Rb1 $16) 17... Nxc1 $11 18. Qxc1 Ra2 {And now ...Bxe5 would win.} 19. Bxg7 Kxg7 20. Qc3+ f6 21. Nd4 Bg8 22. Bd1 Nd5 23. Qc1 f5 ({Black should play} 23... Nb4 $11) 24. Bb3 $14 {[%mdl 1024] White has compensation.} Ra8 25. Qb2 Kh7 $1 (25... Nf6 $2 26. Bxg8 Qe7 27. Nxf6 $18) 26. Nc6 Qh4 $36 {[%mdl 2048] White is under pressure.} 27. g3 Qh3 28. Nd2 {Black must now prevent Qd4.} Rae8 (28... f4 $1 $11 {keeps the balance.} 29. exf4 Rxf4) 29. Qd4 Nf6 30. Bxg8+ Kxg8 31. Rc1 (31. Qc4+ $16 Kh8 32. Nd4) 31... Qg4 32. Qxg4 (32. Qb2 $16) 32... Nxg4 33. Nf3 g5 34. Kg2 Rf7 35. h3 Nf6 36. Nfe5 Rg7 37. Kf3 g4+ 38. hxg4 fxg4+ 39. Kg2 h5 40. d4 Ne4 41. Nb4 Rf8 42. Nbd3 Ra8 43. Rc2 $1 Nd6 44. Nf4 Rh7 45. Nd5 {Hoping for Nf6+.} Ne4 $2 (45... Ne8 $1 $11) 46. f3 $16 (46. Rxc7 $2 Rxc7 47. Nxc7 Ra2 $19) (46. Nxc7 $2 Rc8 $19) 46... gxf3+ 47. Kxf3 Ng5+ 48. Kf4 Ne6+ 49. Kf5 (49. Ke4 $1 $16 Rh6 50. Rc6) 49... Ng7+ $1 $14 50. Kg5 {White wants to mate with Nf6+.} Ne8 51. Ng6 Rg7 $2 (51... Rf7 $1 $11) 52. Nde7+ $1 $18 ({Worse is} 52. Kxh5 Ra1 $11) 52... Kf7 (52... Kh7 $142 53. Rh2 Rf7) 53. d5 $1 {Threatens to win with Rf2+.} Rxg6+ 54. Nxg6 {[%mdl 4096] Endgame KRN-KRN} Ra3 {[#]} 55. Rf2+ $1 Kg7 56. Nf4 (56. Nf8 $142 {Threatening mate with Ne6+.} Nd6 57. Ne6+ (57. Kxh5 Rxe3 58. Ne6+ Kh7 $18) 57... Kh7 58. Rf3 (58. Kxh5 Rxe3 59. Nxc7 Re5+ 60. Kg4 Kg6 $18)) 56... Nd6 $2 (56... Kf7 {was necessary.} 57. Ng6+ (57. Nxh5+ Ke7 $18) 57... Kg7) 57. Ne6+ Kh7 {Strongly threatening ...Ne4+.} 58. Rc2 (58. Kxh5 Rxe3 59. Nxc7 Re5+ 60. Kg4 Kg6 $18) 58... Rxe3 $2 (58... Nxb5 59. Nxc7 (59. Kxh5 Rxe3 60. Nxc7 Nc3 $16) 59... Nc3 60. Kxh5 Ne4) 59. Rxc7+ Kg8 60. Rg7+ Kh8 61. Rd7 Rxg3+ {[#]} 62. Kf6 $1 Ne4+ 63. Kf5 Nc3 $2 (63... Re3 $18 64. d6 Re1) 64. Ng5 {White mates.} Rd3 65. d6 Nxb5 66. Nf7+ Kg8 67. Kg6 {[%cal Rd7d8]} Rg3+ 68. Ng5 Rxg5+ 69. Kxg5 {KR-KN} Kf8 70. Kf6 {[%cal Rd7d8]} Ke8 71. Rh7 h4 72. Ke6 {[%cal Rh7h8]} Nd4+ 73. Kd5 Nf3 74. d7+ {Precision: White = 61%, Black = 50%.} 1-0

[Event "2nd IMSA Basque 2017-Men"]
[Site "Huaian"]
[Date "2017.12.15"]
[Round "4"]
[White "Korobov, Anton"]
[Black "Mamedyarov, Shakhriyar"]
[Result "1/2-1/2"]
[WhiteElo "2652"]
[BlackElo "2799"]
[Annotator "TA"]
[PlyCount "165"]
[EventDate "2017.??.??"]
[EventType "tourn"]
[EventCountry "CHN"]
[SourceTitle "playchess.com"]
[Source "ChessBase"]
[SourceQuality "1"]

{[%evp 16,165,9,4,112,25,35,24,28,-9,-9,-9,-9,-11,-9,-8,-14,-48,-58,-77,-77,-77,-77,-79,-79,-79,-79,-77,-84,-83,-75,-150,-46,-70,-34,-36,-59,-188,-189,-190,-138,-155,-51,-56,-55,-61,-25,-53,-14,-24,0,0,0,-49,-42,-40,0,0,0,-46,-39,-87,-88,-96,-65,-112,-118,-239,-15,-15,-15,-15,0,-18,0,0,0,0,0,0,0,0,0,0,0,0,0,0,0,0,0,0,0,0,0,0,0,0,0,-20,0,0,0,0,0,0,0,0,0,0,0,0,0,0,0,0,0,0,0,0,0,0,0,0,0,0,0,0,0,0,0,0,0,0,0,0,0,0,0,0,0,0,0,0,0,0,0,0,0,0,0,0]} 1. d4 Nf6 2. c4 e6 3. Nf3 d5 4. Nc3 dxc4 5. e4 Bb4 6. Bxc4 {D24: Queen's Gambit Accepted: 3 Nf3 Nf6 4 Nc3} Nxe4 7. O-O Nxc3 8. bxc3 Bd6 9. Re1 {LiveBook: 4 Games} Nd7 $146 (9... O-O $1 $11 {remains equal.}) ({Predecessor:} 9... O-O 10. Qd3 Nd7 11. Ne5 Bxe5 12. dxe5 Nb6 13. Qg3 Nxc4 {1-0 (29) Topalov,V (2760)-Caruana,F (2823) Saint Louis 2016}) 10. Bg5 ({White should play} 10. Bxe6 $1 $16 O-O 11. Bb3) 10... Be7 $11 11. d5 Nc5 $1 12. dxe6 Bxe6 13. Bxe6 Nxe6 14. Qa4+ c6 15. Rad1 $132 {[%mdl 2048] White puts up resistance} Qc7 16. Qg4 O-O 17. Rxe6 fxe6 18. Qxe6+ Rf7 19. Rd7 Qxd7 $1 20. Qxd7 Rd8 21. Qe6 Rd1+ 22. Ne1 Bxg5 23. Qe2 (23. Qe8+ $142 Rf8 24. Qe6+ Kh8 25. g3) 23... Ra1 (23... Rd2 $17 24. Qe8+ Rf8 25. Qe6+ Kh8) 24. h4 Bxh4 25. Kh2 $1 Bf6 (25... Bxf2 $2 26. Nf3 $17) 26. f4 (26. Nd3 $15) 26... Re7 $19 27. Qc4+ Kh8 (27... Kf8 $19 28. Nc2 Rd1) 28. Nf3 $17 h6 (28... Rd1 $17 {Strongly threatening ...Rd5.} 29. g4 g5 $1 {[%mdl 512]} 30. fxg5 Bg7) 29. Qc5 $15 Re2 30. Qf5 Raxa2 31. Qc8+ Kh7 32. Qf5+ Kh8 33. Qc8+ Kh7 34. Qf5+ Kg8 35. Qc8+ Kf7 36. Qxb7+ Kg6 37. Qb1+ Rec2 38. Ne1 Rab2 39. Qd1 Rd2 (39... Rxc3 $2 40. Nd3 $17) 40. Qf3 Re2 41. Kh3 {[#]} (41. Qd3+ $17 Kf7 42. Nf3) 41... Rbd2 $2 (41... h5 $1 $19 {aiming for ...Kh6.} 42. Nd3 Rbc2 43. Ne5+ Bxe5 44. fxe5 Rxg2 45. Qe4+ Kh6 46. Qf4+ Rg5) 42. Qg4+ $1 $11 {The position is equal.} Kf7 43. Nf3 Rd3 44. Kh2 Rxc3 {Threatens to win with ...Rcc2.} 45. Ng5+ Bxg5 46. Qxe2 Bxf4+ {[%mdl 4096] Endgame KQ-KRB} 47. Kg1 Be3+ 48. Kh2 Bf4+ 49. Kg1 Be3+ 50. Kh2 Bd4 51. Qh5+ Ke6 52. Qe8+ Kd5 53. Qd7+ Ke4 54. Qg4+ Kd3 55. Qf3+ Kd2 56. Qf4+ Be3 57. Qe5 c5 {...Bd4 is the strong threat.} 58. Qxg7 c4 59. Qc7 Ke2 60. g3 Rc2 61. Kh3 Rc1 62. Kg2 Rc2 63. Kh3 Bg5 64. Qe5+ Kd1 65. Qd4+ Bd2 66. Qxa7 c3 67. Qa4 Be3 68. Kg4 Kd2 69. Kf3 Bg5 70. Qd4+ Kc1 71. Qd3 Kb2 72. Qb5+ Kc1 73. Qd3 Kb2 74. Qb5+ Ka2 75. Qc4+ Kb1 76. Qd3 Bd2 77. Ke4 Kb2 78. Qb5+ Ka1 79. Qa4+ Kb1 {And now ...Rb2 would win.} 80. Kd3 Rb2 {White must now prevent ...c2.} 81. Qd1+ Ka2 82. Qa4+ Kb1 {Hoping for ...c2.} 83. Qd1+ {Precision: White = 58%, Black = 52%.} 1/2-1/2

[Event "2nd IMSA Basque 2017-Men"]
[Site "Huaian"]
[Date "2017.12.15"]
[Round "5"]
[White "Mamedyarov, Shakhriyar"]
[Black "Le, Quang Liem"]
[Result "1-0"]
[WhiteElo "2799"]
[BlackElo "2737"]
[Annotator "TA"]
[PlyCount "125"]
[EventDate "2017.??.??"]
[EventType "tourn"]
[EventCountry "CHN"]
[SourceTitle "playchess.com"]
[Source "ChessBase"]
[SourceQuality "1"]

{[%evp 21,125,-41,-35,-54,-52,-52,-52,-52,-55,-56,-51,-160,-162,-186,-202,-201,-195,-185,-189,-187,-158,-178,-171,-229,-227,-276,-60,-70,-95,-85,-80,-346,-343,-322,-321,-355,-361,-417,-281,-267,-246,-262,-263,-240,0,0,0,0,0,0,0,0,0,0,0,0,0,0,0,0,0,0,0,0,0,0,0,0,0,0,0,-138,0,0,0,0,0,-209,-214,-209,-168,-167,0,0,0,0,29985,0,0,0,29985,0,0,0,0,-204,-208,-205,29950,29950,5297,678,29995,29996,29998,29999]} 1. d4 Nf6 2. c4 e6 3. Nf3 d5 4. Nc3 Bb4 5. Bg5 h6 6. Bh4 dxc4 7. e3 b5 {D38: Damengambit (Ragosin-Verteidigung)} 8. Be2 Nbd7 (8... Bb7 9. O-O a6 10. a4 c6 11. Ne5 Nbd7 12. f4 Qb6 13. Bf3 O-O 14. Ne4 Rfe8 15. Bh5 Nxh5 16. Qxh5 Nxe5 17. fxe5 Qc7 18. Rf4 Ra7 19. Raf1 Bc8 20. Nf6+ gxf6 21. Qxh6 {1-0 (21) Swayams,M (2491)-Pavasovic,D (2548) chess.com INT 2017}) 9. a4 c6 10. O-O Qb6 11. Qc2 Bb7 {LiveBook: 3 Partien} 12. b3 cxb3 $1 13. Qxb3 Bxc3 14. Qxc3 b4 15. Qc2 $146 ({Vorgänger:} 15. Qb2) 15... a5 $1 16. e4 (16. Nd2 $15) 16... O-O $17 17. Rfd1 Rac8 18. Bc4 c5 19. d5 exd5 20. exd5 Ba6 21. Nd2 Ne5 22. d6 (22. Rac1 $142) 22... Nfd7 $1 $19 ({Nicht} 22... Qxd6 23. Ne4 $15) 23. f4 Nc6 $2 ({Günstiger ist} 23... Bxc4 $19 24. Nxc4 Nxc4 25. Qxc4 Rfe8) 24. Qf5 $1 $15 {[%cal Rf5d7]} Bxc4 25. Nxc4 Qa7 26. Ne5 $2 {[%mdl 8192]} (26. Re1 $17) 26... Ncxe5 $1 $19 27. fxe5 c4+ 28. Kh1 c3 29. Be7 Rc5 30. Bxf8 Rxe5 31. Qd3 Nxf8 ({Bloß nicht} 31... Kxf8 32. Re1 $17) 32. Re1 Re6 $2 (32... Rg5 $19 33. Re7 Qc5) 33. Rxe6 $11 Nxe6 {[%mdl 4096] Endspiel KDT-KDS} 34. d7 Qc7 35. Re1 {Und weiter mit Txe6! wäre nett.} Qd8 36. h3 g6 37. Qd5 Kg7 38. Qe5+ Kh7 39. Qd5 Kg7 40. Qe5+ Kh7 41. Qd5 Kg7 42. Qc6 Nf8 43. Rd1 Ne6 44. Rd6 Qe7 45. Rd1 $1 Nd8 46. Qd5 (46. Qc7 $11 {bleibt in der Remisbreite.}) 46... Qe3 (46... Qf6 $1 $17 {Droht stark ...c2.} 47. Re1 Kh7) 47. Qc4 Qe6 48. Qc7 Qf6 49. Qc4 $2 (49. Rc1 $11 {und Weiss steht sicher.}) 49... Qc6 $19 50. Qd4+ Kh7 $1 51. Rc1 Qxa4 $2 ({Lieber} 51... Qc7 $19 {zielt auf ...Sb7 ab.} 52. Qd5 Qf4) 52. Re1 $1 $11 {[%cal Re1e8] Weiss will mit Te8 Matt setzen.} c2 53. Kh2 {jetzt Te8 und aus.} g5 $2 {[%mdl 8192]} (53... Qc6 $11 54. Re8 f6) 54. Qe4+ $2 (54. Re8 $1 Qxd7 55. Rh8+ Kg6 56. Rg8+ Kf5 57. Qxd7+ Ne6 58. Qxf7+ Ke5 59. Re8) 54... Kg7 {Und ...Dc6 würde nun gewinnen.} 55. Qd4+ $2 {[%mdl 8192]} (55. Qe5+ $11 Kh7 56. Qe4+ Kg8 57. Qe8+ Kg7 58. Qxd8) 55... Kh7 $1 56. Qe4+ $2 (56. Re8 $1 {setzt Matt} Qxd7 57. Rh8+ Kg6 58. Rg8+ Kf5 59. Qxd7+ Ne6 60. Qxf7+ Ke5 61. Re8) 56... Kg7 {Weiss muss nun ...Dc6 beachten.} 57. Qe5+ Kh7 {...b3 ist eine echte Drohung.} 58. Qc7 $2 (58. Qf5+ $11 {und Weiss ist OK.} Kg7 59. Qe5+ Kg8 60. Qe8+ Kg7 61. Qxd8) 58... b3 $1 $19 {[%cal Rb3b2]} 59. Rf1 b2 $4 {[%mdl 8192]} (59... Qd4 $19 60. Qxd8 Qe5+ 61. Kg1 c1=Q $1 {[%mdl 512]} 62. Qg8+ Kxg8 63. d8=Q+ Kg7 64. Rxc1 Qe3+ 65. Kh2 Qxc1 66. Qd4+ Kg8 67. Qd8+ Kg7 68. Qd4+ Kg6 69. Qd6+ f6 70. Qd3+ f5 71. Qxb3 Qc7+ 72. Kg1 Qc1+ 73. Kh2 Qc7+ 74. Kh1 Qc6) 60. Qxd8 Qc4 {[#]} 61. Qf6 (61. Qe7 $142 $3 {[%mdl 512]} Qxf1 62. Qe4+ f5 63. Qe7+ Kg6 64. Qd6+ Kg7 65. d8=Q Qf4+ 66. Qxf4 gxf4 67. Qd4+ Kf7 68. Qxb2) 61... Qxf1 62. Qxf1 c1=Q 63. Qxf7+ {Precision: Weiß = 53%, Schwarz = 64%.} 1-0

[Event "2nd IMSA Basque 2017-Men"]
[Site "Huaian"]
[Date "2017.12.15"]
[Round "5"]
[White "Ding, Liren"]
[Black "Korobov, Anton"]
[Result "0-1"]
[WhiteElo "2777"]
[BlackElo "2652"]
[Annotator "TA"]
[PlyCount "102"]
[EventDate "2017.??.??"]
[EventType "tourn"]
[EventCountry "CHN"]
[SourceTitle "playchess.com"]
[Source "ChessBase"]
[SourceQuality "1"]

{[%evp 21,102,36,29,29,37,36,17,29,27,37,41,-33,-16,-17,-17,-18,-23,-18,-25,-27,-20,-13,-22,-21,-16,-22,-19,-41,-27,-18,-50,-42,-32,-41,-41,-54,-52,-68,-32,-78,-32,-22,0,0,0,0,0,0,0,-438,-438,-416,-437,-412,-423,-425,-424,-477,-400,-482,-474,-512,-461,-531,-507,-517,-475,-536,-495,-29974,-29975,-29975,-29976,-29976,-29977,-29977,-29978,-29978,-29979,-29979,-29980,-29980,-29981]} 1. c4 e6 2. g3 d5 3. Bg2 d4 4. Nf3 Nf6 5. O-O c5 6. e3 Nc6 7. exd4 cxd4 8. d3 Be7 {A13: English Opening: 1...e6} 9. Re1 O-O 10. Na3 Ne8 11. Nc2 f6 {LiveBook: 4 Games} 12. b4 $146 ({Predecessor:} 12. Bd2 a5 13. a3 a4 14. Nb4 Nc7 15. Rb1 Bd7 16. Nh4 {1-0 (31) Ivanchuk,V (2703)-Alekseev,E (2714) Jermuk 2009}) 12... Bxb4 13. Nxb4 Nxb4 14. Qb3 Nc6 15. Ba3 Rf7 16. c5 (16. Nd2 $14) 16... Qa5 17. Rad1 Nc7 18. Nd2 {[%cal Bf3d2,Bd2c4,Bc4d6][%mdl 32]} e5 19. Nc4 Qa6 $1 20. Nd6 Be6 21. Qxb7 Qxb7 22. Nxb7 Bd5 {And now ...Bxg2 would win.} 23. Nd6 Rff8 24. Rb1 Rab8 25. f4 Bxg2 26. Kxg2 Nd5 27. Kf3 Nc3 28. Rxb8 Rxb8 29. Nc4 {[%cal Rf4e5]} Re8 30. Bb2 Nxa2 {aiming for ...Nab4.} (30... Nb4 $5 {[%cal Rb4d3]} 31. Bxc3 dxc3 $15) 31. fxe5 fxe5 32. Ke4 Rb8 33. Ra1 Nc3+ $1 34. Bxc3 $1 dxc3 {[%cal Bd4c3,Bc3c2][%mdl 32]} 35. Nxe5 $2 $11 {[%mdl 12288] Endgame [#] KRN-KRN} (35. Rc1 $11 {and White is okay.} Rb5 36. Rxc3 Rxc5 37. Rb3) 35... c2 $1 $19 36. Rc1 {[#]} ({Don't play} 36. Nxc6 Rb1) 36... Rb1 $1 {[%cal Rb1c1]} 37. Rxc2 Re1+ 38. Kf4 Rxe5 {KRN-KR} 39. Rc4 g5+ 40. Kf3 Kf7 41. d4 Rd5 42. Ke4 Ke6 43. Ra4 a5 {[%cal Ba7a5,Ba5a4][%mdl 32]} 44. g4 h6 45. h3 {[#]} (45. Rc4 $19) 45... Rxd4+ $1 {[%mdl 512] Black mates.} 46. Rxd4 Nxd4 47. Kxd4 {K3P-K3P} a4 48. Kc4 a3 49. Kb3 Kd5 50. Kxa3 Kxc5 51. Kb3 Kd4 {Precision: White = 53%, Black = 83%.} 0-1

[Event "2nd IMSA Basque 2017-Men"]
[Site "Huaian"]
[Date "2017.12.15"]
[Round "5"]
[White "Grischuk, Alexander"]
[Black "Wang, Hao"]
[Result "1-0"]
[WhiteElo "2772"]
[BlackElo "2709"]
[Annotator "TA"]
[PlyCount "163"]
[EventDate "2017.??.??"]
[EventType "tourn"]
[EventCountry "CHN"]
[SourceTitle "playchess.com"]
[Source "ChessBase"]
[SourceQuality "1"]

{[%evp 17,163,22,9,0,7,4,17,18,16,22,69,25,28,27,51,41,64,57,66,70,67,65,63,55,60,51,59,52,61,38,60,62,17,20,40,24,49,39,72,33,45,29,34,59,122,123,116,51,55,57,68,53,107,107,97,9,22,0,0,-150,45,47,50,46,47,46,70,70,70,70,70,53,60,60,62,30,29,29,29,5,5,5,5,5,109,109,298,298,303,303,296,296,983,773,783,870,761,1336,2328,1503,3593,1142,2383,1212,1845,1922,1848,1925,1616,1208,969,831,5016,4718,7071,5002,4710,4622,6947,6663,6107,6070,5827,1816,1774,1506,1417,706,870,706,698,683,683,683,646,556,7627,6302,5193,6613,5714,6070,5279,4645,4638,4631,4631,4631]} 1. e4 e5 2. Nf3 Nc6 3. Nc3 Nf6 4. Bb5 Bb4 5. O-O O-O 6. d3 Bxc3 7. bxc3 d6 8. Re1 a6 {C49: Vierspringerspiel (Symmetrische Variante)} 9. Bxc6 bxc6 {LiveBook: 5 Partien} 10. Bg5 h6 {Die Stellung ist ausgeglichen.} 11. Bh4 Bg4 $146 ({Vorgänger:} 11... Qe7 12. Nd2 Qe6 13. d4 Nd7 14. Nf1 Nb6 15. Bg3 Re8 16. h3 {½-½ (61) Grischuk,A (2795)-Leko,P (2731) Sochi 2014}) 12. h3 Bxf3 13. Qxf3 c5 14. Rab1 (14. Bxf6 $5 Qxf6 15. Qxf6 gxf6 16. Rab1 $14) 14... g5 15. Bg3 Ne8 16. d4 f6 17. Qd3 cxd4 18. cxd4 Ng7 19. Qc4+ Rf7 20. Rb7 exd4 21. Qxd4 Ne6 22. Qd5 Qd7 23. Reb1 Re8 24. R1b6 Qa4 25. Rb2 $36 {[%mdl 2048] Weiss hat gut koordiniertes Spiel.} Kg7 26. R7b4 Qd7 27. f3 Kh7 28. c4 Nc5 29. Rb8 Rff8 30. Rxe8 Qxe8 (30... Rxe8 $14 31. Rd2 Rd8) 31. Bf2 $16 Ne6 32. c5 (32. Rb7 $16) 32... dxc5 $14 33. Bxc5 Rf7 34. Be3 Kg7 (34... Rd7 $14 35. Qf5+ Kg7) 35. Qc4 $16 Rd7 36. Bf2 (36. Qxa6 $16 {Droht Da5.} Rd1+ 37. Kf2) 36... Nf4 37. Bg3 Qe5 38. Rc2 (38. Rb8 $11 Ne2+ 39. Qxe2 Qxg3 40. Rb1) 38... Nxh3+ $2 (38... Qa1+ $1 $17 39. Kf2 Nd3+ 40. Ke2 Qh1) 39. Kh2 $1 $14 Nf4 40. Qxa6 h5 {Und weiter mit ...h4 wäre nett.} 41. Qc6 Re7 42. Rc5 Qd6 43. Qxd6 $1 cxd6 {[%mdl 4096] Endspiel KTL-KTS} 44. Ra5 Kg6 45. Bxf4 gxf4 {KT-KT} 46. a4 {[%cal Ba2a4,Ba4a5,Ba5a6,Ba6a7][%mdl 32]} Rc7 $1 47. Ra6 Rc4 48. a5 Ra4 49. Ra8 {Schwarz sollte a6 verhindern.} Ra1 50. a6 {und nun wäre a7 stark für Weiss.} Kg7 (50... Kh7 $11) 51. a7 $16 Ra2 $2 (51... Kh7 $16 {kämpft weiter.} 52. g3 fxg3+ 53. Kxg3 Kg7) 52. Kg1 $1 $18 Kh7 53. Kf1 Kg7 54. Ke1 Kh7 $2 (54... Ra5 55. Ke2 Ra4) 55. Kd1 $1 {[%cal Rd1c1] Weiß steht klar auf Gewinn.} Kg7 56. Kc1 $1 {[%cal Rc1b1]} Kh7 57. Kb1 Ra6 58. Kb2 Kg7 59. Kb3 (59. Kc3 $142 Ra5 60. Kb4) 59... Kh7 60. Kc4 Kg7 61. Kb5 Ra2 62. Kc6 Ra1 63. Kd5 Ra6 64. Ke6 Ra5 65. Kxd6 Kh7 66. Ke7 Kg7 67. Ke6 Re5+ 68. Kd6 Ra5 69. Kc6 Ra2 70. Kd5 (70. Rc8 $142 Rxa7 71. Rc7+ Rxc7+ 72. Kxc7) 70... Ra6 71. Kd4 Ra5 72. Kc3 (72. Kd3 $142 Ra4 73. Kc3) 72... Ra4 73. Kd2 Ra3 74. Ke2 Ra2+ 75. Kf1 Ra1+ {[#]} 76. Kf2 $1 {[%cal Rf2e2]} Ra3 {[#]} 77. Kg1 $1 {[%cal Rg1f2]} Ra2 78. Kh2 Ra1 79. g3 fxg3+ 80. Kxg3 Rg1+ 81. Kh2 Ra1 82. f4 {Precision: Weiß = 60%, Schwarz = 36%.} 1-0

[Event "2nd IMSA Basque 2017-Men"]
[Site "Huaian"]
[Date "2017.12.15"]
[Round "5"]
[White "Yu, Yangyi"]
[Black "Harikrishna, P."]
[Result "1-0"]
[WhiteElo "2751"]
[BlackElo "2744"]
[Annotator "TA"]
[PlyCount "77"]
[EventDate "2017.??.??"]
[EventType "tourn"]
[EventCountry "CHN"]
[SourceTitle "playchess.com"]
[Source "ChessBase"]
[SourceQuality "1"]

{[%evp 20,77,8,0,18,-22,-27,-16,-9,-15,-13,-15,-8,-21,-28,-51,-49,-73,-75,-79,-88,-49,-47,-59,-62,-78,-85,-83,-55,-48,0,0,-14,-11,43,46,84,84,78,78,95,95,95,102,99,99,112,97,104,100,160,158,302,302,317,306,269,252,29991,29992]} 1. d4 Nf6 2. c4 e6 3. Nc3 Bb4 4. Nf3 d5 5. Qa4+ Nc6 6. e3 O-O 7. a3 {D38: Queen's Gambit Declined: Ragozin Defence (4 Nf3 Bb4)} (7. Bd2 dxc4 8. Bxc4 Bd6 9. Qc2 e5 10. dxe5 Nxe5 11. Nxe5 Bxe5 12. O-O-O {½-½ (12) Wang,Y (2699)-Le,Q (2739) Ashkhabad 2017}) 7... Bxc3+ 8. bxc3 Bd7 9. Qc2 Na5 10. cxd5 exd5 11. Bd3 {LiveBook: 4 Games} Re8 12. O-O c5 13. dxc5 $146 ({Predecessor:} 13. Ne5 c4 {½-½ (56) Rottenwohrer Suarez,J (2173)-Suarez Gomez,J (2460) La Roda 2017}) 13... Rc8 14. a4 Rxc5 15. Ba3 Rc8 16. Ng5 {[%cal Rd3h7]} g6 $1 17. Rab1 Qc7 18. Rfc1 Nc4 19. Bxc4 dxc4 20. Qd1 Bc6 {Hoping for ...Rcd8.} 21. Qd4 Qe5 22. Nf3 Qf5 23. Qd1 Ne4 24. Rb2 Rcd8 25. Nd4 $36 {[%mdl 2048] Black is under pressure.} Qg5 {aiming for ...Rxd4!} 26. Qf1 $1 Bxa4 (26... Bd5 $11) 27. Qxc4 $14 Bc6 28. Nxc6 bxc6 29. Qxc6 Rc8 30. Qa4 Qe5 31. c4 Red8 32. h3 Nc5 33. Qxa7 {Threatens to win with Rb5.} Nd3 {[#]} 34. Rb5 $1 {[%cal Rb5e5]} Qe8 (34... Qe4 $142 35. Rf1 Qxc4) 35. Rd1 $16 Ra8 (35... Rxc4 $16 36. Rb3 Ne5 37. Rxd8 Qxd8) 36. Qe7 $18 Qc6 37. Rb7 Qxc4 38. Qf6 {Threatening mate with Rxd3!} Rdb8 $2 {[#]} (38... Qe6 $18 39. Qxe6 fxe6) 39. Rxd3 $1 {[%mdl 512] Precision: White = 69%, Black = 42%.} 1-0

[Event "2nd IMSA Basque 2017-Men"]
[Site "Huaian"]
[Date "2017.12.15"]
[Round "5"]
[White "Harikrishna, P."]
[Black "Yu, Yangyi"]
[Result "1-0"]
[WhiteElo "2744"]
[BlackElo "2751"]
[Annotator "TA"]
[PlyCount "137"]
[EventDate "2017.??.??"]
[EventType "tourn"]
[EventCountry "CHN"]
[SourceTitle "playchess.com"]
[Source "ChessBase"]
[SourceQuality "1"]

{[%evp 12,137,19,12,14,31,23,8,22,-21,-16,-19,-18,-25,-26,-25,-23,-25,-25,-25,-41,-42,-36,-48,0,-18,0,0,41,37,37,-37,-28,-76,-45,-45,-43,-35,-14,-57,77,80,80,70,81,82,81,36,102,95,95,85,82,51,126,125,116,123,150,150,151,151,151,151,176,176,179,159,175,151,197,197,197,197,197,197,197,189,189,189,202,201,201,188,201,201,201,201,192,192,191,191,248,201,201,201,210,210,693,700,693,693,686,671,648,547,609,460,29972,29972,29972,29972,29972,29973,29973,29974,29977,29978,29978,29977,29978,29979,29979,29980,29980,29981,29981,29982]} 1. e4 e5 2. Nf3 Nf6 3. d4 Nxe4 4. dxe5 d5 5. Nbd2 Nc5 {[%cal Be4c5,Bc5e6,Be6f4][%mdl 32]} 6. Be2 {C43: Petroff Defence: 3 d4} Be7 7. O-O {LiveBook: 3 Games} Ne6 $146 ({Predecessor:} 7... O-O 8. Re1 Nc6 9. Nf1 f6 10. exf6 Bxf6 11. Ng3 Qd6 12. c3 Be6 13. Ng5 Bd7 {½-½ (27) Harikrishna,P (2766)-Wei,Y (2706) Wijk aan Zee 2017}) 8. Re1 {The position is equal.} Nf4 9. Bf1 O-O 10. Nb3 Ng6 11. c4 dxc4 $1 12. Qxd8 Rxd8 13. Bxc4 Nc6 {[%cal Bb8c6,Bc6b4,Bb4d5,Bd5c3][%mdl 32]} 14. Bd2 Bg4 {And now ...Bxf3 would win.} 15. Bc3 Bxf3 16. gxf3 a5 17. a4 Kf8 18. Bb5 Nb4 {...Nc2 is the strong threat.} 19. Re4 Nh4 20. Nxa5 Nd5 21. Nb3 (21. Nxb7 $14 Nxc3 22. bxc3) 21... Nxf3+ $15 22. Kh1 c6 23. Bf1 Nxc3 24. bxc3 Rd5 25. Bg2 Nxe5 (25... Rd3 $15 {stays ahead.}) 26. Re2 $16 Rd3 27. Rxe5 Rxc3 28. Re3 Rc2 29. Kg1 g6 ({Black should try} 29... Bh4 $14 30. Rf3 Bf6) 30. a5 Rd8 31. Be4 Rb2 32. Rae1 Bg5 (32... f5 $14) 33. R1e2 Rxe2 34. Rxe2 {Hoping for Nc5.} Rd1+ 35. Kg2 {aiming for Nc5.} Bd8 36. Nc5 Bxa5 37. Nxb7 Bc7 38. Bxc6 Rc1 39. Re8+ Kg7 40. Bd5 {Black must now prevent Re7.} Rd1 41. Re7 Rxd5 42. Rxc7 $18 {[%mdl 4096] Endgame KRN-KR} Rg5+ 43. Kh1 Rf5 44. Rc2 Rd5 45. Nc5 h5 46. Ne4 Rd4 47. Ng5 Rg4 48. Nf3 Rf4 49. Kg2 Rg4+ 50. Kf1 Rf4 51. Rc3 Re4 (51... Rf5 {might work better.} 52. Ke2 Ra5) 52. h3 {[%cal Bh2h3,Bh3h4][%mdl 32]} Rf4 53. Kg2 Rf5 54. Rc7 Kf6 $2 (54... g5 55. h4 gxh4 56. Nxh4 Rf4) 55. h4 Rf4 56. Kg3 Rf5 57. Ng5 Kg7 58. f3 Kg8 59. Ne4 Kf8 (59... Re5 $18 60. Nd6 f6) 60. Rc5 {White mates.} Rxc5 61. Nxc5 {KN-K3P} Ke7 62. Kf4 f6 63. Ne4 Ke6 64. Ng3 Ke7 65. Ke4 Kf7 {[#]} 66. Nxh5 $1 {[%mdl 512]} gxh5 67. Kf5 Kg7 {[#]} 68. Ke6 $1 Kg6 69. f4 {Precision: White = 82%, Black = 51%.} 1-0